[Event "IRI-ch U16"]
[Site "Chess.com INT"]
[Date "2021.01.16"]
[Round "7"]
[White "Mohammadi, Yaser"]
[Black "Fazeli Ghazijahani, Ali"]
[Result "0-1"]
[WhiteElo "1334"]
[BlackElo "1607"]
[PlyCount "64"]
[EventDate "2021.01.16"]
[EventType "swiss"]
[EventRounds "11"]
[EventCountry "IRI"]
[SourceTitle "EXT 2022"]
[Source "ChessBase"]
[SourceDate "2021.10.06"]
[SourceVersion "1"]
[SourceVersionDate "2021.10.06"]
[SourceQuality "1"]

1. f4 d5 2. Nf3 Nf6 3. b3 e6 4. Bb2 Nbd7 5. e3 Bd6 6. Nc3 c6 7. Ne2 Qc7 8. Ng3 e5 9. fxe5 Nxe5 10. Nxe5 Bxe5 11. Bxe5 Qxe5 12. Be2 h5 13. Bf3 h4 14. Ne2 g5 15. Nc3 g4 16. Be2 h3 17. g3 Nh5 18. Rg1 Rg8 19. Bd3 d4 20. Ne2 dxe3 21. c3 Be6 22. Qc2 exd2+ 23. Kxd2 0-0-0 24. Rae1 Qg5+ 25. Kd1 Bf5 26. Nd4 Bxd3 27. Qxd3 c5 28. Qc4 Kb8 29. Rgf1 cxd4 30. Rxf7 dxc3+ 31. Ke2 Qd2+ 32. Kf1 Qg2# 0-1

[Event "IRI-ch U16"]
[Site "Chess.com INT"]
[Date "2021.01.16"]
[Round "1"]
[White "Mohammadi, Yaser"]
[Black "Ghayourifar, Ali"]
[Result "0-1"]
[WhiteElo "1334"]
[BlackElo "1916"]
[PlyCount "38"]
[EventDate "2021.01.16"]
[EventType "swiss"]
[EventRounds "11"]
[EventCountry "IRI"]
[SourceTitle "EXT 2022"]
[Source "ChessBase"]
[SourceDate "2021.10.06"]
[SourceVersion "1"]
[SourceVersionDate "2021.10.06"]
[SourceQuality "1"]

1. f4 e5 2. fxe5 d6 3. exd6 Bxd6 4. Nf3 g5 5. g3 g4 6. Nh4 Ne7 7. d4 Ng6 8. Ng2 h5 9. Bf4 Nxf4 10. Nxf4 Bxf4 11. gxf4 Qh4+ 12. Kd2 Qf2 13. c3 Bf5 14. Na3 Be4 15. Rg1 Qxg1 16. e3 Qxh2+ 17. Kc1 Qf2 18. Bb5+ c6 19. Bd3 Qxe3+ 0-1